Statistics for Wisconsin... or Tanzania?

Click here to take the quiz!

General Stats

  • This quiz has been taken 61 times
  • The average score is 9 of 15

Answer Stats

QuestionAnswer% Correct
Has the flag with text on it?Wisconsin
89%
Has the larger land area?Tanzania
88%
Produces more cranberries?Wisconsin
86%
Has a higher percent of Christians?Wisconsin
84%
Where Cheesehead is an ethnic slur?Wisconsin
84%
Has more women?Tanzania
81%
Has been under French rule?Wisconsin
74%
Has the more populated capital city?Tanzania
67%
Has the capital that receives more rainfall?Wisconsin
63%
Has more Christians?Tanzania
60%
Has a border on the larger lake?Wisconsin
58%
Has the city that reached 600,000 people first?Wisconsin
42%
Is closer to Belgium?Tanzania
32%
Is closer to Buenos Aires?Wisconsin
30%
Has the hotter hottest recorded temperature?Wisconsin
12%

Score Distribution

Percentile by Number Answered

Percent of People with Each Score

Your Score History

You have not taken this quiz